Statistics for The Dictator Files: Muammar Gaddafi

Click here to take the quiz!

General Stats

  • This quiz has been taken 504 times
  • The average score is 10 of 20

Answer Stats

HintAnswer% Correct
Country that bombarded Libya in 1986United States
82%
Series of protests which caused the downfall of GaddafiArab Spring
76%
Military officer rank by which he was referred toColonel
73%
Military alliance that intervened in Libya – overthrowing him in 2011NATO
69%
Egyptian President whom he considered his political heroGamal Abdel Nasser
63%
Title held by Idris of Libya before being overthrown by Gaddafi in 1969King
59%
He studied at the university of this Libyan cityBenghazi
58%
He had a strange crush on this female black U.S. Secretary of StateCondoleezza Rice
55%
He increased the price of the Libyan oil, which other countries in this oil-based
organization soon later followed suit – leading to a global crisis
OPEC
55%
Flight that Libya bombed over Lockerbie, Scotland in 1988{Pan} {Am} Flight 103
54%
Book he wrote in 1975 and "intended to be read by all people"{Green} Book
53%
When he became leader, he deported people with this ethnic groupItalians | Jewish
53%
He founded this international body in 2002, now headquartered in Addis AbabaAfrican Union
52%
He was born to a family that belonged to this nomadic Arab ethnic groupBedouin
44%
He is buried in an unknown site in this placeLibyan {Desert}
43%
His political party between 1971–1977Arab {Socialist} Union
37%
Arabic term that means "state of the masses" – which referred to his form of
state that was ruled by Gaddafi
{Jama}hiriya
30%
City in which he was murderedSirte
28%
Title held by him during his leadership{Brotherly} Leader
22%
Name of the style of government he ruled Libya byThird {International} Theory
22%

Score Distribution

Percentile by Number Answered

Percent of People with Each Score

Your Score History

You have not taken this quiz